LEADER 01520nam a2200325 a 4500 001 000000158991 003 CaOOAMICUS 005 20170221094606.0 008 170221s2003 it u000 u fre r 020 $a2728306680* 032 $aLibriCat 040 $aPUL$bita 082 04$a940.5 245 04$aLes racines chrétiennes de l'antisémitisme politique (fin XIXe-XXe siècle) / $csous la direction de Catherine Brice et Giovanni Miccoli. 260 $aRoma :$bÉcole française de Rome,$c2003. 300 $a392 p. ;$c25 cm. 490 1 $aCollection de l'Ecole française de Rome ;$v306 504 $aInclude indici e bibliografia di riferimento. 650 4$aAntisemitismo$xStoria$ySec. XX.$0(OLS)http://pul/subject/29835 700 1 $aMiccoli, Giovanni,$d1933-2017.$0(OLS)http://pul/name/5196 700 1 $aBrice, Catherine,$d1957-$0(OLS)http://pul/name/30280 830 0$aCollection de l'Ecole française de Rome ;$v306.$0(OLS)http://pul/title/3487 850 $aPUL 852 $aPUL$W1$xSL Cons. Gen., Altre Classi 3$y75$m940. 5 BRICA 1$j182288$qDDC 21$B185486$CPULBib$Z2$F185486 $H128999 $81 941 1 $a9 996 $6020$a2728306680*$9(OLS)http://pul/number/162100 996 $6082$a940.5$9(OLS)http://pul/classification/665 996 $6245$aLes racines chrétiennes de l'antisémitisme politique (fin XIXe-XXe siècle) / $9(OLS)http://pul/title/198597 996 $6260$aRoma :$bÉcole française de Rome$9(OLS)http://pul/publisher/48107 LEADER 01402nam a2200313 a 4500 001 000000127341 003 CaOOAMICUS 005 20120130094807.0 008 120127s2011 it u000 u ita r 020 $a978-88-6512-060-6 040 $aPUL$bita 082 04$a262.9 100 1 $aReggi, Sonia.$0(OLS)http://pul/name/69112 245 10$aAtto positivo di volontà e simulazione (can. 1101 2) :$bdottrina e giurisprudenza /$cSonia Reggi. 260 $aVenezia :$bMarcianum Press,$c©2011. 300 $a395 p. ;$c22 cm 490 1 $aFacoltà di diritto canonico San Pio X. Monografie ;$v7 504 $aBibliografia p. 339-392. 650 4$aDiritto canonico$zItalia.$0(OLS)http://pul/subject/9521 830 0$aMonografie (Marcianum Press) ;$v7.$0(OLS)http://pul/title/119473 850 $aPUL 852 $aPUL$W1$xSL Diritto Canonico 3$y77$m262. 9 DCPIOX 4.7$j147308$qDDC 21$q $B145954$CPULBib$Z2$F145954 $H118551 $81 941 1 $a9 983 0$aMonografie (Facoltà di diritto canonico San Pio X, Venezia) 996 $6020$a978-88-6512-060-6$9(OLS)http://pul/number/148683 996 $6082$a262.9$9(OLS)http://pul/classification/369 996 $6245$aAtto positivo di volontà e simulazione (can. 1101 2) :$bdottrina e giurisprudenza$9(OLS)http://pul/title/160900 996 $6260$aVenezia :$bMarcianum Press$9(OLS)http://pul/publisher/79046